000
00483nam a2200181Ia 4500
008
090124s9999 xx 000 0 und d
082
_b
125710
100
_a
प्रभावळकर दिलीप
245
_a
हसगत
250
_a
1
260
_c
1993
300
_a
220
600
_a
प्रभावळकर दिलीप
630
_a
हसगत
700
_a
प्रभावळकर दिलीप
730
_a
हसगत
942
_c
BOOK
999
_c
171800
_d
171800